000 00695nam a2200181Ia 4500
008 090124s9999 xx 000 0 und d
082 _b47476
100 _aपांढरीपांडे विजय मनोहर
245 _a सांगण्यासारखं कांहीतरी
250 _a1
260 _c2008
300 _a114
600 _aपांढरीपांडे विजय मनोहर
630 _a सांगण्यासारखं कांहीतरी
700 _aपांढरीपांडे विजय मनोहर
730 _a सांगण्यासारखं कांहीतरी
942 _cBOOK
999 _c113776
_d113776